000
00244nam a2200109 4500
082
_a
297.2WAF
100
_a
Wafa, Jafar
245
_a
Towards Understanding Islam
260
_a
Karachi:
_b
Zarin Publishers,
_c
1993.
300
_a
181p. ;
942
_c
BK
999
_c
5794
_d
5794